Normal view
MARC view
- Dr. Fauzan and Dr. Awais
Entry Personal Name
001 - CONTROL NUMBER
- control field: 55229
003 - CONTROL NUMBER IDENTIFIER
- control field: NUST
005 - DATE AND TIME OF LATEST TRANSACTION
- control field: 20210520113927.0
008 - FIXED-LENGTH DATA ELEMENTS
- fixed length control field: 210520|| aca||aabn | a|a d
040 ## - CATALOGING SOURCE
- Original cataloging agency: NUST
- Transcribing agency: NUST
100 ## - HEADING--PERSONAL NAME
- Personal name: Dr. Fauzan and Dr. Awais
670 ## - SOURCE DATA FOUND
- Source citation: Work cat.: (NUST): Umair Aziz and Zahra Ayub 55227, Final Year Project-Implement of ISMS ISO/IEC 27001:2005 at the NUST SEECS Data Center /, 2012.
